000 00217nam a2200121Ia 4500
100 _a#N/A
650 _aComputer/ IT
942 _cBK
654 _aFIFA 09
245 _aFIFA 09
260 _b#N/A
546 _aENGLISH
999 _c23387
_d23387